000 00685nam a2200253Ia 4500
003 OSt
005 20221005045123.0
006 a|||||r|||| 00| 0
007 ta
008 221004b |||||||| |||| 00| 0 hin d
024 _a18745
037 _cTextual
040 _aCRL
_cCRL
_bhin
041 _2hin
_ahin
082 _aO152:f, N0
100 _aMishra Kailash Nath
_9396372
245 0 _aHindi anusandhan
_b Vaiginik padhattian
260 _aKanpur
_bSaraswati India
_c1990
300 _a224p
_ccm.
650 _a HINDI LITERATURE
_923866
650 _aRESEARCH METHODS
942 _hO152:f, N0
_cTEXL
_2cc
999 _c954439
_d954439